[Event "Tenerife-chT Primera 1819"]
[Site "Tenerife"]
[Date "2019.01.19"]
[Round "5.3"]
[White "Cruz Diaz, Felipe"]
[Black "Martin Hernandez, Jonas David"]
[Result "0-1"]
[WhiteElo "1643"]
[BlackElo "1849"]
[PlyCount "30"]
[EventDate "2018.11.24"]
[EventType "team-tourn"]
[EventRounds "14"]
[EventCountry "ESP"]
[SourceTitle "CBM 189 Extra"]
[Source "ChessBase"]
[SourceDate "2019.06.03"]
[SourceVersion "1"]
[SourceVersionDate "2019.06.03"]
[SourceQuality "1"]
[WhiteTeam "Al Shah Mat Los Realejos"]
[BlackTeam "Puerto de la Cruz Piratas"]
[WhiteTeamCountry "ESP"]
[BlackTeamCountry "ESP"]

1. d4 Nf6 2. c4 e6 3. a3 d5 4. Nc3 c5 5. Bf4 cxd4 6. Qxd4 Nc6 7. Qd2 d4 8. Na2 e5 9. Bg5 Bf5 10. e3 h6 11. Bh4 g5 12. Bg3 Ne4 13. Qd1 Qa5+ 14. Nb4 Bxb4+ 15. axb4 Qxb4+ 0-1

[Event "Tenerife-chT Primera 1819"]
[Site "Tenerife"]
[Date "2018.12.01"]
[Round "2.3"]
[White "Negrin Mendoza, Alejandro"]
[Black "Cruz Diaz, Felipe"]
[Result "0-1"]
[WhiteElo "1570"]
[BlackElo "1643"]
[PlyCount "127"]
[EventDate "2018.11.24"]
[EventType "team-tourn"]
[EventRounds "14"]
[EventCountry "ESP"]
[SourceTitle "CBM 189 Extra"]
[Source "ChessBase"]
[SourceDate "2019.06.03"]
[SourceVersion "1"]
[SourceVersionDate "2019.06.03"]
[SourceQuality "1"]
[WhiteTeam "Benito"]
[BlackTeam "Al Shah Mat Los Realejos"]
[WhiteTeamCountry "ESP"]
[BlackTeamCountry "ESP"]

1. Nf3 e6 2. c3 d5 3. g3 f5 4. d3 Nf6 5. Bg2 c6 6. Nbd2 Bd6 7. b4 0-0 8. 0-0 Nbd7 9. Qb3 Ne5 10. Nd4 Re8 11. h3 Kh8 12. f4 Ng6 13. N2f3 Bd7 14. Ng5 Qe7 15. e4 dxe4 16. dxe4 fxe4 17. Re1 h6 18. Nxe4 e5 19. fxe5 Qxe5 20. Nf3 Qe7 21. Nd4 Bxg3 22. Re3 Bf4 23. Re1 Nxe4 24. Bxf4 Nxf4 25. Bxe4 Nxh3+ 26. Kf1 Rf8+ 27. Nf3 Bg4 28. Bf5 Qf6 29. Bxg4 Ng5 30. Re3 Qf4 31. c4 Qxg4 32. Kf2 Nxf3 33. Rxf3 Rxf3+ 34. Qxf3 Qxf3+ 35. Kxf3 Rf8+ 36. Kg4 Kh7 37. Rd1 Rf7 38. Rd4 g6 39. a4 Kg7 40. b5 cxb5 41. axb5 Rc7 42. Re4 Kf6 43. Kh4 Kf5 44. Rg4 b6 45. Rd4 Rc5 46. Rg4 Re5 47. Kh3 Re4 48. Rg3 Rxc4 49. Rf3+ Ke6 50. Ra3 Rb4 51. Rxa7 Rxb5 52. Kg4 Rb4+ 53. Kg3 Kf5 54. Rf7+ Kg5 55. Rd7 h5 56. Rd5+ Kh6 57. Rd6 Rb1 58. Kf4 b5 59. Ke3 b4 60. Kd2 b3 61. Rd8 h4 62. Rd4 g5 63. Rd6+ Kh5 64. Ke3 0-1

[Event "Santa Cruz de Tenerife March 18 op"]
[Site "Santa Cruz de Tenerife"]
[Date "2018.03.21"]
[Round "8"]
[White "Mendoza Contreras, Lucas Eduardo"]
[Black "Cruz Diaz, Felipe"]
[Result "0-1"]
[WhiteElo "2132"]
[BlackElo "1639"]
[PlyCount "102"]
[EventDate "2018.03.05"]
[EventType "swiss"]
[EventRounds "9"]
[EventCountry "ESP"]
[SourceTitle "CBM 183 Extra"]
[Source "ChessBase"]
[SourceDate "2018.04.19"]
[SourceVersion "1"]
[SourceVersionDate "2018.04.19"]
[SourceQuality "1"]

1. d4 e6 2. c4 f5 3. Nc3 Nf6 4. Nf3 c6 5. Bf4 d5 6. e3 Bd6 7. Bd3 0-0 8. 0-0 Bxf4 9. exf4 Ne4 10. Ne5 Nd7 11. f3 Nxc3 12. bxc3 dxc4 13. Nxd7 Bxd7 14. Bxc4 g5 15. fxg5 Qxg5 16. Qb3 Qe3+ 17. Kh1 b5 18. Rae1 bxc4 19. Qb7 Qxc3 20. Qxd7 Rf7 21. Qxc6 Rd8 22. Qxe6 Qxd4 23. Rc1 Rd5 24. Qc8+ Kg7 25. Qxc4 Qxc4 26. Rxc4 Rd2 27. a4 Re7 28. Rfc1 Kg6 29. h3 h5 30. h4 Ree2 31. Rc7 Kf6 32. R1c6+ Ke5 33. Re7+ Kf4 34. Rxe2 Rxe2 35. Kh2 Ke3 36. Re6+ Kf2 37. Rxe2+ Kxe2 38. Kg1 f4 39. a5 a6 40. Kh2 Ke3 41. g4 hxg4 42. h5 gxf3 43. h6 f2 44. h7 f1Q 45. h8Q Qf2+ 46. Kh1 Qe1+ 47. Kh2 Qxa5 48. Qh3+ Ke4 49. Qh7+ Qf5 50. Qb7+ Ke3 51. Qxa6 Qh5+ 0-1

[Event "Santa Cruz de Tenerife March 18 op"]
[Site "Santa Cruz de Tenerife"]
[Date "2018.03.05"]
[Round "1"]
[White "Perez Perez, Gabriel"]
[Black "Cruz Diaz, Felipe"]
[Result "1-0"]
[WhiteElo "2162"]
[BlackElo "1639"]
[PlyCount "69"]
[EventDate "2018.03.05"]
[EventType "swiss"]
[EventRounds "9"]
[EventCountry "ESP"]
[SourceTitle "CBM 183 Extra"]
[Source "ChessBase"]
[SourceDate "2018.04.19"]
[SourceVersion "1"]
[SourceVersionDate "2018.04.19"]
[SourceQuality "1"]

1. d4 e6 2. c4 f5 3. Nc3 Nf6 4. g3 c6 5. Bg2 d5 6. Nf3 Bd6 7. b3 Nbd7 8. 0-0 0-0 9. Qc2 Ne4 10. Nd2 Ndf6 11. Ndxe4 Nxe4 12. Nxe4 fxe4 13. f3 e5 14. cxd5 cxd5 15. dxe5 Bxe5 16. Bb2 Qb6+ 17. Kh1 Bxb2 18. Qxb2 Bf5 19. Qe5 e3 20. Qxd5+ Be6 21. Qe5 Rfe8 22. Qb2 Rad8 23. Rfd1 Qb4 24. Rxd8 Rxd8 25. Qe5 Qb6 26. Rc1 h6 27. f4 Bf7 28. Bf3 Bg6 29. Rc7 Qf6 30. Rxb7 Qxe5 31. fxe5 Rd1+ 32. Kg2 Rd2 33. Rxa7 Bd3 34. e6 Kf8 35. e7+ 1-0

[Event "Tenerife-chT Primera 1718"]
[Site "Tenerife"]
[Date "2018.03.03"]
[Round "11.4"]
[White "Perez Garcia, Jimena"]
[Black "Cruz Diaz, Felipe"]
[Result "1-0"]
[WhiteElo "1536"]
[BlackElo "1630"]
[PlyCount "93"]
[EventDate "2017.11.11"]
[EventType "team-tourn"]
[EventRounds "14"]
[EventCountry "ESP"]
[SourceTitle "CBM 187 Extra"]
[Source "ChessBase"]
[SourceDate "2018.11.04"]
[SourceVersion "1"]
[SourceVersionDate "2018.11.04"]
[SourceQuality "1"]
[WhiteTeam "Ebano Casa Venezuela III"]
[BlackTeam "Al Shah Mat Los Realejos III"]
[WhiteTeamCountry "ESP"]
[BlackTeamCountry "ESP"]

1. d4 e6 2. c4 f5 3. g3 Nf6 4. Bg2 c6 5. Nh3 d5 6. Qc2 Be7 7. 0-0 0-0 8. Nd2 h6 9. Nf4 Bd6 10. Nd3 Nbd7 11. Nf3 Ne4 12. Bf4 Be7 13. c5 g5 14. Be3 h5 15. b4 Kg7 16. a4 Rh8 17. b5 Nf8 18. Nfe5 g4 19. bxc6 Qc7 20. cxb7 Bxb7 21. f3 Ng5 22. Bf4 Qd8 23. Rab1 Bc8 24. Nc6 Qe8 25. Nxe7 Qxe7 26. Be5+ Kh7 27. Bxh8 Kxh8 28. Ne5 Kg7 29. Nc6 Qc7 30. Ne5 Nd7 31. Nxd7 Bxd7 32. Rfc1 Rh8 33. c6 Bc8 34. Qd2 Kg6 35. Qf4 Qh7 36. e4 gxf3 37. exf5+ exf5 38. Qd6+ Kg7 39. Rb7+ Nf7 40. Qc7 Bxb7 41. cxb7 Qh6 42. Bxf3 Qe3+ 43. Kg2 Qd2+ 44. Kf1 Qe3 45. Bxd5 Qd3+ 46. Kg2 Qe2+ 47. Kh1 1-0

[Event "Tenerife-chT Primera 1718"]
[Site "Tenerife"]
[Date "2018.02.24"]
[Round "10.4"]
[White "Cruz Diaz, Felipe"]
[Black "Beltran Monzo, Javier"]
[Result "1-0"]
[WhiteElo "1630"]
[BlackElo "1362"]
[PlyCount "59"]
[EventDate "2017.11.11"]
[EventType "team-tourn"]
[EventRounds "14"]
[EventCountry "ESP"]
[SourceTitle "CBM 187 Extra"]
[Source "ChessBase"]
[SourceDate "2018.11.04"]
[SourceVersion "1"]
[SourceVersionDate "2018.11.04"]
[SourceQuality "1"]
[WhiteTeam "Al Shah Mat Los Realejos III"]
[BlackTeam "Laguna Cotelec III"]
[WhiteTeamCountry "ESP"]
[BlackTeamCountry "ESP"]

1. d4 Nf6 2. c4 g6 3. Nc3 Bg7 4. Bf4 d6 5. h3 0-0 6. Nf3 Nbd7 7. e3 c5 8. Be2 Re8 9. 0-0 cxd4 10. exd4 Nh5 11. Bh2 Nhf6 12. Rc1 b6 13. b4 a5 14. a3 Bb7 15. Na4 Rc8 16. c5 dxc5 17. bxc5 bxc5 18. dxc5 Bc6 19. Nb6 Nxb6 20. Qxd8 Rexd8 21. cxb6 Bb7 22. Bc7 Rd5 23. Bc4 Rf5 24. Nd4 Rg5 25. g3 Ne8 26. Nb5 e6 27. a4 h5 28. Rfd1 h4 29. Rd7 hxg3 30. Bxg3 1-0

[Event "Tenerife-chT Primera 1718"]
[Site "Tenerife"]
[Date "2018.01.27"]
[Round "8.3"]
[White "Cruz Diaz, Felipe"]
[Black "Camacho Hernandez, Francisco"]
[Result "1/2-1/2"]
[WhiteElo "1630"]
[BlackElo "1777"]
[PlyCount "117"]
[EventDate "2017.11.11"]
[EventType "team-tourn"]
[EventRounds "14"]
[EventCountry "ESP"]
[SourceTitle "CBM 187 Extra"]
[Source "ChessBase"]
[SourceDate "2018.11.04"]
[SourceVersion "1"]
[SourceVersionDate "2018.11.04"]
[SourceQuality "1"]
[WhiteTeam "Al Shah Mat Los Realejos III"]
[BlackTeam "Circulo de Amistad XII Enero III"]
[WhiteTeamCountry "ESP"]
[BlackTeamCountry "ESP"]

1. d4 d5 2. c4 c6 3. Nc3 g6 4. Bf4 Bg7 5. e3 Nf6 6. h3 0-0 7. Nf3 Qa5 8. Nd2 Re8 9. Be2 Nbd7 10. 0-0 e5 11. dxe5 Nxe5 12. Nb3 Qd8 13. cxd5 Nxd5 14. Nxd5 cxd5 15. Nd4 a6 16. Rc1 Qb6 17. b3 Nc6 18. Bf3 Nxd4 19. exd4 Be6 20. Rc5 Rac8 21. Rxc8 Rxc8 22. Be3 Rc3 23. Qd2 Qc6 24. Rc1 Rxc1+ 25. Qxc1 Qxc1+ 26. Bxc1 Bxd4 27. Kf1 Kg7 28. Ke2 Kf6 29. Be3 Bb2 30. Kd3 Bf5+ 31. Ke2 Ke5 32. Kd1 b5 33. Bb6 Bb1 34. a4 bxa4 35. bxa4 Ba2 36. Be2 Bc4 37. Bxc4 dxc4 38. Ba5 Bd4 39. Ke2 Ke4 40. f3+ Kd5 41. Kd2 f5 42. Ke2 Kc5 43. Kd2 Bb2 44. Kc2 Be5 45. Kd2 Bf4+ 46. Kc3 Kd5 47. Kc2 Bg3 48. Bc3 Bf2 49. Ba5 Bd4 50. Kd2 Kc6 51. Kc2 Bb6 52. Bc3 a5 53. Be1 Kd5 54. Bc3 Bc7 55. Kd2 Kc5 56. Ke3 Kd5 57. Kd2 Bb6 58. Ke2 Bd8 59. Kd2 1/2-1/2